[Event "GER-chT Betriebe 17th"]
[Site "Berlin"]
[Date "2017.11.02"]
[Round "1.4"]
[White "Kleeschaetzky, Ralf"]
[Black "Goepel, Helmut"]
[Result "1/2-1/2"]
[WhiteElo "2239"]
[BlackElo "1767"]
[PlyCount "63"]
[EventDate "2017.11.02"]
[EventType "team-swiss"]
[EventRounds "7"]
[EventCountry "GER"]
[SourceTitle "EXT 2020"]
[Source "ChessBase"]
[SourceDate "2019.10.17"]
[SourceVersion "1"]
[SourceVersionDate "2019.10.17"]
[SourceQuality "1"]
[WhiteTeam "Berlin Deutsche Bahn/BSW"]
[BlackTeam "Berlin Gardez Robe"]
[WhiteTeamCountry "GER"]
[BlackTeamCountry "GER"]

1. Nf3 c5 2. c4 Nc6 3. d4 cxd4 4. Nxd4 g6 5. e4 Bg7 6. Be3 Nf6 7. Nc3 d6 8. Be2 0-0 9. Qd2 Ng4 10. Bxg4 Bxg4 11. 0-0 a6 12. f3 Bd7 13. Rfd1 Rc8 14. b3 Qa5 15. Rac1 Ne5 16. Nd5 Qd8 17. Ne2 Bc6 18. Nb6 Rb8 19. a4 Nd7 20. a5 Nxb6 21. Bxb6 Qd7 22. c5 f5 23. exf5 Rxf5 24. cxd6 Rd5 25. Qb4 Rxd6 26. Rxd6 exd6 27. Bd4 Re8 28. Bxg7 Kxg7 29. Nd4 Qe7 30. Qc3 Kg8 31. h3 Bd5 32. Rd1 1/2-1/2

[Event "GER-chT Betriebe 16th"]
[Site "Dresden"]
[Date "2016.11.05"]
[Round "6.4"]
[White "Fischer, Alexander"]
[Black "Kleeschaetzky, Ralf"]
[Result "1/2-1/2"]
[WhiteElo "2038"]
[BlackElo "2209"]
[PlyCount "121"]
[EventDate "2016.11.03"]
[EventType "team-swiss"]
[EventRounds "7"]
[EventCountry "GER"]
[SourceTitle "EXT 2020"]
[Source "ChessBase"]
[SourceDate "2019.10.17"]
[SourceVersion "1"]
[SourceVersionDate "2019.10.17"]
[SourceQuality "1"]
[WhiteTeam "Frankfurt Commerzbank"]
[BlackTeam "Berlin Deutsche Bahn/BSW"]
[WhiteTeamCountry "GER"]
[BlackTeamCountry "GER"]

1. d4 d5 2. c4 e6 3. Nc3 Nf6 4. cxd5 exd5 5. Bg5 Be7 6. e3 0-0 7. Bd3 h6 8. Bh4 b6 9. Rc1 Nbd7 10. Nf3 Bb7 11. 0-0 a6 12. Qc2 Re8 13. Rfe1 Nh5 14. Bxe7 Rxe7 15. Qe2 Nhf6 16. Nh4 g6 17. f3 c5 18. Qf2 c4 19. Bb1 Qe8 20. Re2 Nf8 21. Rce1 b5 22. e4 b4 23. exd5 Rxe2 24. Rxe2 Qd8 25. Ne4 Bxd5 26. g3 Bxe4 27. Bxe4 Ra7 28. d5 Rd7 29. Qc5 a5 30. Qxc4 Nxd5 31. Kg2 Kg7 32. Qb5 Nf6 33. Bc6 Rd2 34. Qe5 Rxe2+ 35. Qxe2 Ne6 36. Ba4 Nd4 37. Qd3 Qd5 38. Bb3 Nxb3 39. Qxd5 Nxd5 40. axb3 Ne3+ 41. Kf2 Nd1+ 42. Ke2 Nxb2 43. Kd2 a4 44. bxa4 Nxa4 45. Kc2 Nc5 46. Ng2 Kf6 47. Ne3 Ke6 48. Kb2 f5 49. Nc2 Nd3+ 50. Kb3 Kd5 51. Ne3+ Kc5 52. Ng2 Ne5 53. Nh4 g5 54. Nxf5 Nxf3 55. Nxh6 Nxh2 56. g4 Nf3 57. Nf7 Nd4+ 58. Kb2 Ne6 59. Kb3 Nd4+ 60. Kb2 Nf3 61. Kb3 1/2-1/2

[Event "GER-chT Betriebe 14th"]
[Site "Dresden"]
[Date "2014.11.22"]
[Round "5.3"]
[White "Kleeschaetzky, Ralf"]
[Black "Kettenburg, Stefan"]
[Result "1-0"]
[WhiteElo "2239"]
[BlackElo "2063"]
[PlyCount "85"]
[EventDate "2014.11.20"]
[EventType "team-swiss"]
[EventRounds "7"]
[EventCountry "GER"]
[SourceTitle "EXT 2020"]
[Source "ChessBase"]
[SourceDate "2019.10.17"]
[SourceVersion "1"]
[SourceVersionDate "2019.10.17"]
[SourceQuality "1"]
[WhiteTeam "Berlin Deutsche Bahn/BSW"]
[BlackTeam "Berlin Tempelhof"]
[WhiteTeamCountry "GER"]
[BlackTeamCountry "GER"]

1. c4 Nf6 2. Nf3 e6 3. g3 d5 4. Bg2 Be7 5. b3 0-0 6. Bb2 c5 7. cxd5 exd5 8. d4 Nc6 9. 0-0 Bf5 10. Nc3 Rc8 11. Rc1 a6 12. dxc5 Bxc5 13. Na4 Be7 14. Nd4 Nxd4 15. Qxd4 Qa5 16. Qb6 Qb5 17. Qxb5 axb5 18. Nb6 Rc6 19. Bxf6 Bxf6 20. Nxd5 Ra6 21. Nxf6+ gxf6 22. Rc5 Bd7 23. Rd1 b6 24. Rc2 Be6 25. f4 f5 26. Rd6 Kg7 27. Bd5 Rc8 28. Rd2 Kf6 29. Kf2 Rc7 30. Bc6 Rca7 31. a4 bxa4 32. bxa4 Rxa4 33. Bxa4 Rxa4 34. Rxb6 Ra1 35. g4 fxg4 36. e4 Kg7 37. f5 Bc4 38. Kg3 h5 39. Kh4 Re1 40. Rd4 Be2 41. Kg5 Bf3 42. f6+ Kh7 43. Rb7 1-0

[Event "GER-chT Betriebe 14th"]
[Site "Dresden"]
[Date "2014.11.20"]
[Round "1.3"]
[White "Kleeschaetzky, Ralf"]
[Black "Mayer, Herbert"]
[Result "1-0"]
[WhiteElo "2239"]
[BlackElo "1970"]
[PlyCount "77"]
[EventDate "2014.11.20"]
[EventType "team-swiss"]
[EventRounds "7"]
[EventCountry "GER"]
[SourceTitle "EXT 2020"]
[Source "ChessBase"]
[SourceDate "2019.10.17"]
[SourceVersion "1"]
[SourceVersionDate "2019.10.17"]
[SourceQuality "1"]
[WhiteTeam "Berlin Deutsche Bahn/BSW"]
[BlackTeam "Berlin Osram"]
[WhiteTeamCountry "GER"]
[BlackTeamCountry "GER"]

1. Nf3 Nf6 2. c4 g6 3. Nc3 d5 4. cxd5 Nxd5 5. Qa4+ c6 6. Qd4 Nf6 7. Qxd8+ Kxd8 8. d4 Bg7 9. e4 Bd7 10. Ng5 Be8 11. Bc4 e6 12. e5 Nd5 13. Nge4 h6 14. Bd2 Nd7 15. Nd6 Kc7 16. Rc1 N7b6 17. Bb3 Rd8 18. Nce4 Nc8 19. Nxc8 Kxc8 20. Nd6+ Kb8 21. Bxd5 exd5 22. Bb4 Bf8 23. 0-0 Bxd6 24. Bxd6+ Kc8 25. Be7 Rd7 26. Bf6 Rh7 27. Rc3 Rc7 28. Rfc1 Bd7 29. Be7 Be6 30. Bd6 Rd7 31. b4 f6 32. b5 Rxd6 33. exd6 Bd7 34. Re1 Kd8 35. bxc6 bxc6 36. Rce3 Rf7 37. Re7 Rf8 38. Rh7 f5 39. Ree7 1-0

[Event "Oberliga Nord O 0708"]
[Site "Germany"]
[Date "2007.11.25"]
[Round "3.3"]
[White "Kleeschaetzky, Ralf"]
[Black "Reichmann, Hendrik"]
[Result "1/2-1/2"]
[WhiteElo "2235"]
[BlackElo "2308"]
[PlyCount "20"]
[EventDate "2007.10.21"]
[EventType "team-tourn"]
[EventRounds "9"]
[EventCountry "GER"]
[SourceTitle "EXT 2009"]
[Source "ChessBase"]
[SourceDate "2008.11.26"]
[SourceVersion "1"]
[SourceVersionDate "2008.11.26"]
[SourceQuality "1"]
[WhiteTeam "Oberschoeneweide"]
[BlackTeam "Cottbus"]
[WhiteTeamCountry "GER"]
[BlackTeamCountry "GER"]

1. Nf3 c5 2. c4 e6 3. g3 Nf6 4. Bg2 Nc6 5. 0-0 Be7 6. Nc3 0-0 7. b3 d5 8. cxd5 exd5 9. d4 Ne4 10. Bb2 Bf6 1/2-1/2

[Event "Oberliga Nord O 0405"]
[Site "Germany"]
[Date "2004.11.14"]
[Round "2.4"]
[White "Kleeschaetzky, Ralf"]
[Black "Kolessov, Sergej"]
[Result "1-0"]
[WhiteElo "2209"]
[BlackElo "2143"]
[PlyCount "117"]
[EventDate "2004.10.24"]
[EventType "team-tourn"]
[EventRounds "9"]
[EventCountry "GER"]
[SourceTitle "EXT 2006"]
[Source "ChessBase"]
[SourceDate "2005.11.24"]
[SourceVersion "1"]
[SourceVersionDate "2005.11.24"]
[SourceQuality "1"]
[WhiteTeam "Oberschoeneweide"]
[BlackTeam "Berlin Empor"]
[WhiteTeamCountry "GER"]
[BlackTeamCountry "GER"]

1. Nf3 Nf6 2. c4 g6 3. Nc3 Bg7 4. e4 d6 5. d4 0-0 6. Be2 e5 7. 0-0 Qe8 8. dxe5 dxe5 9. Be3 Na6 10. Nd2 Nd7 11. Nb5 Qe7 12. a3 b6 13. b4 c6 14. Nc3 Nc7 15. Nb3 Ne6 16. b5 c5 17. Nd5 Qd8 18. a4 Bb7 19. Nd2 f5 20. f3 Nd4 21. Bd3 Rf7 22. a5 Rc8 23. axb6 axb6 24. Ra7 Nf6 25. Ra4 Ne8 26. Nb1 Bxd5 27. exd5 Nd6 28. Nd2 Rcc7 29. Re1 Ra7 30. Bxd4 cxd4 31. Qb3 Bh6 32. Nf1 Bg7 33. Nd2 Qa8 34. Rea1 Nc8 35. c5 bxc5 36. Nc4 Rxa4 37. Rxa4 Ra7 38. Rxa7 Qxa7 39. d6 Qa1+ 40. Bb1 Bf6 41. d7 Na7 42. b6 Kg7 43. bxa7 Qxa7 44. Nxe5 Qa5 45. Nd3 Qd2 46. Bc2 Bg5 47. Kf1 Qa5 48. f4 Bh4 49. g3 Qa1+ 50. Qb1 Qa8 51. Kf2 Be7 52. Ne5 c4 53. Nxc4 Qa7 54. Bd3 Qxd7 55. Qe1 Qa7 56. Qb1 Bc5 57. Ne5 Qa5 58. Qc2 Bd6 59. Nc4 1-0

[Event "Greifswald op"]
[Site "Greifswald"]
[Date "2003.08.31"]
[Round "7"]
[White "Springer, Guido"]
[Black "Kleeschaetzky, Ralf"]
[Result "0-1"]
[WhiteElo "2074"]
[BlackElo "2219"]
[PlyCount "82"]
[EventDate "2003.08.??"]
[EventType "swiss"]
[EventRounds "7"]
[EventCountry "GER"]
[SourceTitle "EXT 2005"]
[Source "ChessBase"]
[SourceDate "2004.11.15"]
[SourceVersion "1"]
[SourceVersionDate "2004.11.15"]
[SourceQuality "1"]

1. e4 c5 2. Nf3 Nc6 3. d4 cxd4 4. Nxd4 Nf6 5. Nc3 e5 6. Ndb5 d6 7. Nd5 Nxd5 8. exd5 Nb8 9. c3 Be7 10. a4 0-0 11. Bd3 a6 12. Na3 f5 13. 0-0 Nd7 14. f3 f4 15. b4 Nf6 16. Bb2 g5 17. c4 a5 18. b5 Qb6+ 19. Kh1 g4 20. Qe1 Nd7 21. fxg4 Nc5 22. Bc2 Bxg4 23. h3 Bd7 24. Bd4 Rf7 25. Bg1 Raf8 26. Be4 Qc7 27. Bxc5 Qxc5 28. Qxa5 Bh4 29. Qc3 b6 30. Nc2 Rc8 31. a5 bxa5 32. Rxa5 Bd8 33. b6 Qxb6 34. Rfa1 Qf2 35. Ra7 Bb6 36. Rxd7 Rxd7 37. Bf5 Rg7 38. Be6+ Kh8 39. Qf3 Rf8 40. Nb4 Qb2 41. Ra4 Qc1+ 0-1

[Event "Oberliga Nord O 0203"]
[Site "Germany"]
[Date "2003.01.13"]
[Round "4.4"]
[White "Kleeschaetzky, Ralf"]
[Black "Pluemer, Detlef"]
[Result "1/2-1/2"]
[WhiteElo "2188"]
[BlackElo "2246"]
[PlyCount "30"]
[EventDate "2002.10.20"]
[EventType "team-tourn"]
[EventRounds "9"]
[EventCountry "GER"]
[SourceTitle "EXT 2009"]
[Source "ChessBase"]
[SourceDate "2008.11.26"]
[SourceVersion "1"]
[SourceVersionDate "2008.11.26"]
[SourceQuality "1"]
[WhiteTeam "Oberschoeneweide"]
[BlackTeam "Kreuzberg"]
[WhiteTeamCountry "GER"]
[BlackTeamCountry "GER"]

1. Nf3 e6 2. c4 b6 3. g3 Bb7 4. Bg2 f5 5. 0-0 Nf6 6. Nc3 Be7 7. d4 Ne4 8. Bd2 Bf6 9. Rc1 0-0 10. e3 d6 11. d5 Nxc3 12. Bxc3 Bxc3 13. Rxc3 e5 14. Nd2 a5 15. f4 e4 1/2-1/2

[Event "Guben op"]
[Site "Guben"]
[Date "2003.??.??"]
[Round "6"]
[White "Witte, Ronald"]
[Black "Kleeschaetzky, Ralf"]
[Result "1/2-1/2"]
[WhiteElo "2154"]
[BlackElo "2209"]
[PlyCount "32"]
[EventDate "2003.??.??"]
[EventType "swiss"]
[EventRounds "7"]
[EventCountry "GER"]
[SourceTitle "EXT 2008"]
[Source "ChessBase"]
[SourceDate "2007.11.25"]
[SourceVersion "1"]
[SourceVersionDate "2007.11.25"]
[SourceQuality "1"]

1. d4 Nf6 2. c4 c5 3. d5 e6 4. Nc3 exd5 5. cxd5 d6 6. e4 g6 7. Bd3 Bg7 8. Nge2 0-0 9. 0-0 a6 10. a4 Re8 11. Ng3 Nbd7 12. h3 Qc7 13. f4 c4 14. Bc2 Qc5+ 15. Kh1 Rb8 16. f5 Qc7 1/2-1/2

[Event "Greifswald Ryck op"]
[Site "Greifswald"]
[Date "2002.08.25"]
[Round "6"]
[White "Kleeschaetzky, Ralf"]
[Black "Scholz, Alexander"]
[Result "1/2-1/2"]
[WhiteElo "2191"]
[BlackElo "2079"]
[PlyCount "51"]
[EventDate "2002.08.??"]
[EventType "swiss"]
[EventRounds "7"]
[EventCountry "GER"]
[SourceTitle "EXT 2005"]
[Source "ChessBase"]
[SourceDate "2004.11.15"]
[SourceVersion "1"]
[SourceVersionDate "2004.11.15"]
[SourceQuality "1"]

1. Nf3 Nf6 2. c4 d6 3. d4 g6 4. Nc3 Bg7 5. e4 0-0 6. Be2 e5 7. 0-0 Nc6 8. d5 Ne7 9. b4 Nd7 10. a4 f5 11. Ba3 Nf6 12. Nd2 Bh6 13. Bf3 Bxd2 14. Qxd2 f4 15. Be2 g5 16. f3 h5 17. c5 Rf7 18. Rfc1 Ng6 19. h3 g4 20. hxg4 hxg4 21. fxg4 Bxg4 22. Kf2 Nxe4+ 23. Nxe4 Qh4+ 24. Kg1 f3 25. gxf3 Bxf3 26. Ng5 1/2-1/2